[Event "Medellin Flores op 30th"]
[Site "Medellin"]
[Date "2023.08.06"]
[Round "6"]
[White "Malagon Malagon, Gabriela"]
[Black "Betancourt, Juan Carlos"]
[Result "0-1"]
[WhiteElo "1118"]
[BlackElo "1730"]
[PlyCount "37"]
[EventDate "2023.08.03"]
[EventType "swiss"]
[EventRounds "9"]
[EventCountry "COL"]
[SourceTitle "EXT 2024"]
[Source "ChessBase"]
[SourceDate "2023.10.10"]
[SourceVersion "1"]
[SourceVersionDate "2023.10.10"]
[SourceQuality "1"]

1. d4 d5 2. Bf4 Bf5 3. Nf3 e6 4. e3 Bd6 5. Bg3 Nf6 6. Nbd2 0-0 7. Be2 b6 8. Bxd6 Qxd6 9. Ne5 Nbd7 10. Nxd7 Nxd7 11. h4 h6 12. g4 Bh7 13. f4 Rfc8 14. g5 c5 15. c3 cxd4 16. cxd4 Bc2 17. Qc1 Be4 18. Rg1 Rxc1+ 19. Rxc1 0-1

[Event "Medellin Flores op 30th"]
[Site "Medellin"]
[Date "2023.08.05"]
[Round "4"]
[White "Figueroa Rincon, Cesar Fabian"]
[Black "Betancourt, Juan Carlos"]
[Result "1-0"]
[WhiteElo "1413"]
[BlackElo "1730"]
[PlyCount "129"]
[EventDate "2023.08.03"]
[EventType "swiss"]
[EventRounds "9"]
[EventCountry "COL"]
[SourceTitle "EXT 2024"]
[Source "ChessBase"]
[SourceDate "2023.10.10"]
[SourceVersion "1"]
[SourceVersionDate "2023.10.10"]
[SourceQuality "1"]

1. e4 e5 2. Nf3 Nc6 3. Bb5 Bc5 4. 0-0 d6 5. c3 Bd7 6. d4 Bb6 7. Re1 Nf6 8. Bg5 h6 9. Bh4 a6 10. Ba4 0-0 11. dxe5 Nxe5 12. Nxe5 Bxa4 13. Qxa4 dxe5 14. Na3 Qe8 15. Qb3 Qc6 16. Nc4 Rfe8 17. Nxb6 cxb6 18. f3 g5 19. Bf2 b5 20. Be3 Re6 21. a4 bxa4 22. Rxa4 b5 23. Ra5 Kh7 24. h3 Kg6 25. Raa1 a5 26. Qd1 Rd6 27. Qe2 a4 28. Rec1 Rc8 29. Rd1 Rcd8 30. Rxd6 Rxd6 31. Rd1 Rxd1+ 32. Qxd1 Qd7 33. Qc2 Qe6 34. Qd3 Qd7 35. Qxd7 Nxd7 36. Kf2 h5 37. Ke2 f5 38. Kd3 f4 39. Bf2 Kf6 40. c4 b4 41. c5 Nb8 42. Kc4 Nc6 43. Be1 a3 44. bxa3 bxa3 45. Bc3 Ke6 46. Kb3 a2 47. Kxa2 Ne7 48. Kb3 Ng6 49. Kc4 Nh4 50. Kb5 Nxg2 51. Kb6 Ne3 52. c6 Nc4+ 53. Kb7 Nd6+ 54. Kb8 g4 55. fxg4 hxg4 56. hxg4 Ne8 57. c7 Nxc7 58. Kxc7 f3 59. Be1 Ke7 60. Kc6 Ke6 61. Bf2 Kf6 62. Kd5 Kg5 63. Kxe5 Kxg4 64. Kf6 Kh3 65. Ba7 1-0

[Event "Medellin Flores op 30th"]
[Site "Medellin"]
[Date "2023.08.04"]
[Round "3"]
[White "Betancourt, Juan Carlos"]
[Black "Giraldo Alvarez, Tomas"]
[Result "0-1"]
[WhiteElo "1730"]
[BlackElo "1511"]
[PlyCount "76"]
[EventDate "2023.08.03"]
[EventType "swiss"]
[EventRounds "9"]
[EventCountry "COL"]
[SourceTitle "EXT 2024"]
[Source "ChessBase"]
[SourceDate "2023.10.10"]
[SourceVersion "1"]
[SourceVersionDate "2023.10.10"]
[SourceQuality "1"]

1. e4 e6 2. Nf3 d5 3. e5 c5 4. d4 Nc6 5. Bb5 Qb6 6. Bxc6+ bxc6 7. 0-0 cxd4 8. Nxd4 c5 9. Nf3 Ne7 10. h4 Bb7 11. Re1 Nf5 12. b3 Be7 13. h5 Rd8 14. Bf4 Qc6 15. Nbd2 h6 16. Nf1 Rg8 17. Qd2 g5 18. hxg6 Rxg6 19. Qa5 d4 20. N1d2 Nh4 21. Bg3 Nxf3+ 22. Nxf3 h5 23. Qa4 Qxa4 24. bxa4 Bxf3 25. gxf3 h4 26. Kg2 hxg3 27. fxg3 Bh4 28. Kh3 Bxg3 29. Re4 Ke7 30. Rg4 Rxg4 31. Kxg4 Bxe5 32. Rb1 Rb8 33. Rh1 Rg8+ 34. Kh3 Rh8+ 35. Kg2 Rxh1 36. Kxh1 c4 37. Kg2 d3 38. cxd3 c3 0-1

[Event "Medellin Flores op 30th"]
[Site "Medellin"]
[Date "2023.08.03"]
[Round "1"]
[White "Betancourt, Juan Carlos"]
[Black "Florez Olaya, Oscar David"]
[Result "1-0"]
[WhiteElo "1730"]
[BlackElo "1117"]
[PlyCount "51"]
[EventDate "2023.08.03"]
[EventType "swiss"]
[EventRounds "9"]
[EventCountry "COL"]
[SourceTitle "EXT 2024"]
[Source "ChessBase"]
[SourceDate "2023.10.10"]
[SourceVersion "1"]
[SourceVersionDate "2023.10.10"]
[SourceQuality "1"]

1. e4 c6 2. Nf3 d5 3. exd5 cxd5 4. d4 Nc6 5. Nc3 Nf6 6. Bb5 a6 7. Bxc6+ bxc6 8. h3 e6 9. 0-0 Bd6 10. Bg5 h6 11. Be3 0-0 12. Ne5 Qc7 13. f4 c5 14. Ne2 cxd4 15. Bxd4 Bc5 16. c3 Bxd4+ 17. Nxd4 Ne4 18. Nd3 Bd7 19. Rf3 f6 20. Qc2 e5 21. Ne2 Qb6+ 22. Kh2 Bb5 23. Nb4 Bxe2 24. Qxe2 exf4 25. Nxd5 Qd6 26. Qxe4 1-0

[Event "Medellin Easter op 11th"]
[Site "Medellin"]
[Date "2023.04.09"]
[Round "7"]
[White "Garcia Ospina, Sebastian"]
[Black "Betancourt, Juan Carlos"]
[Result "1-0"]
[WhiteElo "1261"]
[BlackElo "1823"]
[PlyCount "93"]
[EventDate "2023.04.05"]
[EventType "swiss"]
[EventRounds "7"]
[EventCountry "COL"]
[SourceTitle "CBM 213 Extra"]
[Source "ChessBase"]
[SourceDate "2023.05.31"]
[SourceVersion "1"]
[SourceVersionDate "2023.05.31"]
[SourceQuality "1"]

1. d4 c6 2. Bf4 d5 3. e3 Bf5 4. c4 Nf6 5. Nf3 e6 6. c5 Nbd7 7. Bd3 Bg4 8. h3 Bh5 9. Nc3 b6 10. b4 a5 11. a3 axb4 12. axb4 b5 13. Be2 Be7 14. 0-0 0-0 15. Ne5 Bxe2 16. Qxe2 Nxe5 17. Bxe5 Nd7 18. Bg3 Re8 19. Ra2 Rxa2 20. Qxa2 Qa8 21. Ra1 Qxa2 22. Rxa2 Bf6 23. Ra7 Nf8 24. Rc7 e5 25. dxe5 Rxe5 26. Bxe5 Bxe5 27. Nxd5 cxd5 28. Rb7 Ne6 29. Rxb5 d4 30. c6 Bc7 31. Rd5 dxe3 32. fxe3 Bb6 33. Kf2 Kf8 34. Kf3 Ke8 35. Rb5 Bc7 36. Rb7 Kd8 37. b5 Nc5 38. Ra7 f5 39. Ra8+ Ke7 40. Rc8 Ne6 41. g4 g6 42. h4 Kd6 43. gxf5 gxf5 44. Rh8 Kc5 45. Rxh7 Kxb5 46. Re7 Kxc6 47. Rxe6+ 1-0

[Event "Pan American-ch Seniors 50"]
[Site "Neiva"]
[Date "2017.10.15"]
[Round "7"]
[White "Suaza, Jose Neyitd"]
[Black "Betancourt, Juan Carlos"]
[Result "0-1"]
[WhiteElo "1769"]
[BlackElo "1852"]
[PlyCount "66"]
[EventDate "2017.10.11"]
[EventType "swiss"]
[EventRounds "9"]
[EventCountry "COL"]
[SourceTitle "CBM 181 Extra"]
[Source "ChessBase"]
[SourceDate "2017.12.12"]
[SourceVersion "1"]
[SourceVersionDate "2017.12.12"]
[SourceQuality "1"]

1. e4 e6 2. d4 d5 3. Nd2 c5 4. c3 Nc6 5. Ngf3 Nf6 6. e5 Nd7 7. Bb5 Qb6 8. Bxc6 Qxc6 9. Ng5 Be7 10. Qh5 Bxg5 11. Qxg5 0-0 12. Nf3 f6 13. Qg3 Kh8 14. 0-0 b5 15. Be3 Bb7 16. Rad1 c4 17. Qh3 Rf7 18. exf6 gxf6 19. Nh4 Rg8 20. f4 f5 21. Rf3 Rfg7 22. Re1 Nf6 23. g3 Ne4 24. Bf2 Qe8 25. Rfe3 Qh5 26. R1e2 Rg4 27. Kh1 Bc6 28. Qf1 Be8 29. Qe1 Qh6 30. h3 Rxh4 31. gxh4 Qxf4 32. Bg1 Bh5 33. Rg2 Bf3 0-1

[Event "Medellin Aristizabal Cup"]
[Site "Medellin"]
[Date "2017.09.11"]
[Round "7"]
[White "Betancourt, Juan Carlos"]
[Black "Ospina Castro, Santiago"]
[Result "0-1"]
[WhiteElo "1914"]
[BlackElo "1489"]
[PlyCount "30"]
[EventDate "2017.09.06"]
[EventType "swiss"]
[EventRounds "7"]
[EventCountry "COL"]
[SourceTitle "CBM 180 Extra"]
[Source "ChessBase"]
[SourceDate "2017.10.06"]
[SourceVersion "1"]
[SourceVersionDate "2017.10.06"]
[SourceQuality "1"]

1. e4 e6 2. d4 d5 3. exd5 exd5 4. Nf3 Bd6 5. Be3 Nf6 6. Nbd2 Bf5 7. c4 c6 8. h3 Nbd7 9. c5 Be7 10. Nh4 Bg6 11. Nxg6 hxg6 12. Bd3 Qc7 13. b4 0-0 14. a4 a6 15. 0-0 Nh7 0-1

[Event "Medellin Aristizabal Cup"]
[Site "Medellin"]
[Date "2017.09.10"]
[Round "5"]
[White "Betancourt, Juan Carlos"]
[Black "Zapata Cuartas, Juan Carlos"]
[Result "0-1"]
[WhiteElo "1914"]
[BlackElo "2118"]
[PlyCount "84"]
[EventDate "2017.09.06"]
[EventType "swiss"]
[EventRounds "7"]
[EventCountry "COL"]
[SourceTitle "CBM 180 Extra"]
[Source "ChessBase"]
[SourceDate "2017.10.06"]
[SourceVersion "1"]
[SourceVersionDate "2017.10.06"]
[SourceQuality "1"]

1. e4 c5 2. Nf3 d6 3. Nc3 e5 4. Bc4 Be7 5. d3 Nf6 6. h3 0-0 7. Ne2 Nc6 8. Ng3 d5 9. exd5 Nxd5 10. 0-0 Be6 11. Re1 Bf6 12. c3 Nc7 13. Be3 b6 14. Bb3 Re8 15. Bc2 g6 16. Qd2 Bd5 17. Nh2 Bg7 18. Bh6 f5 19. Bxg7 Kxg7 20. a4 Qf6 21. Rad1 Rad8 22. Nhf1 Be6 23. Qc1 Nd5 24. Bb3 Nf4 25. Bc2 Qg5 26. Nh2 Bd5 27. Nhf1 Bxg2 28. Ne3 Bf3 29. Kh2 Nxh3 30. Rg1 Kh8 31. Ng2 f4 32. Ne1 Nxg1 33. Kxg1 Qg4 34. Nxf3 fxg3 35. Ng5 gxf2+ 36. Kf1 Qg1+ 37. Ke2 Nd4+ 38. cxd4 exd4+ 39. Ne4 Qg4+ 40. Kd2 Rxe4 41. dxe4 c4 42. Rh1 Qf4+ 0-1